Markets and governments /

Bibliographic Details
Other Authors: Basu, Kaushik, Nayak, Pulin, Ray, Ranjan
Format: Book
Language:English
Published: New Delhi : Oxford : Oxford University Press, 2003.
Subjects:

MARC

Tag First Indicator Second Indicator Subfields
LEADER 00000cam a2200000 a 4500
001 in00001816621
005 20151025195041.0
008 030130s2003 ii ac b 011 0 eng
020 |a 0195657888 
035 |a (OCoLC)ocm51622675 
040 |a UKM  |c UKM  |d YLS  |d TXA  |d UtOrBLW 
049 |a TXAM 
082 0 0 |a 338.9  |2 21 
090 |a HD82  |b .M37 2003 
245 0 0 |a Markets and governments /  |c edited by Kaushik Basu, Pulin B. Nayak, Ranjan Ray. 
264 1 |a New Delhi :  |a Oxford :  |b Oxford University Press,  |c 2003. 
300 |a xiii, 268 pages :  |b illustrations, portrait ;  |c 22 cm. 
336 |a text  |b txt  |2 rdacontent 
337 |a unmediated  |b n  |2 rdamedia 
338 |a volume  |b nc  |2 rdacarrier 
500 |a "A volume in honour of Mrinal Datta-Chaudhuri"--P. [vii]. 
504 |a Includes bibliographical references and index. 
650 0 |a Development economics. 
650 0 |a Economic policy. 
700 1 |a Basu, Kaushik. 
700 1 |a Nayak, Pulin. 
700 1 |a Ray, Ranjan. 
948 |a cataloged  |b h  |c 2004/1/14  |d c  |e dmitchel  |f 11:44:18 am 
994 |a E0  |b TXA 
999 |a MARS 
999 f f |s 58032b8a-8ee4-3483-bb6e-26ffe0f8bf09  |i f45e061f-e325-30d3-b37a-d70a5021bc21  |t 0 
952 f f |p ric  |a Texas A&M University  |b Rellis Campus  |c Joint Library Facility  |d Remote Storage  |t 0  |e HD82 .M37 2003  |h Library of Congress classification  |i unmediated -- volume  |m A14830913230 
998 f f |a HD82 .M37 2003  |t 0  |l Remote Storage